Ultimate NFL Quiz - Statistics

General Stats
  • This quiz has been taken 18 times
  • The average score is 39 of 57
Answer Stats
Hint Answer % Correct
🦬 Bills
100%
Name the team that lost 4 straight superbowls Bills
100%
🐬 Dolphins
100%
What is the best NFL team? πŸ˜‰ Dolphins
100%
✈️ Jets
94%
🀠 Cowboys
88%
πŸ¦β€β¬› Ravens
88%
How many points do you for a safety? 2
81%
How many points is a touchdown? 6
81%
🐻 Bears
81%
πŸ… Bengals
81%
🟀 Browns
81%
What is the worst NFL team? Browns
81%
πŸ΄β€β˜ οΈ Buccaneers
81%
🏹 Chiefs
81%
πŸ¦… Eagles
81%
πŸͺ– Patriots
81%
What teams have the most superbowls? Patriots
81%
What position does qb stand for? Quarter back
81%
⚜️ Saints
81%
What position does te stand for? Tight end
81%
How many points is a field goal? 3
75%
⛏️ 49ers
75%
🐎 Broncos
75%
What position does c stand for? Center
75%
πŸ”‹ Chargers
75%
🧲 Colts
75%
🦁 Lions
75%
🐏 Rams
75%
Who is the best qb? Tom brady
75%
How many years inactive in the league for hof? 5
69%
πŸŽ– Commanders
69%
πŸ¦β€πŸ”₯ Falcons
69%
🟒 Packers
69%
What NFL team has the most wins? Packers
69%
βš”οΈ Raiders
69%
πŸ‚ Texans
69%
πŸͺ–πŸ›Ά Vikings
69%
πŸ•Š Cardinals
63%
What was the first team? Cardinals
63%
What NFL team has the most losses? Cardinals
63%
What position does Mlb stand for? Middle linebacker
63%
What does NFL stand for? National football league
63%
πŸˆβ€β¬›οΈ Panthers
63%
πŸ‘¨β€πŸ‘§ Giants
56%
πŸ† Jaguars
56%
🦒 Seahawks
56%
πŸ”© Steelers
56%
Who is the best linebacker? Ray lewis
50%
πŸ—‘ Titans
50%
What's was the W-L ratio to the team that went undefeated? 17-0
44%
How many superbowls have happened so far 60
44%
Who is the best te? Gronk
38%
What position does ss stand for? Safety
31%
When we as the first NFL game? 1920
19%
Who is the best kicker? Cam little
6%
What current player has the most sacks record? Myles Garett
0%
No matching quizzes found
Score Distribution
Percent of People with Each Score
Percentile by Number Answered
Your Score History
You have not taken this quiz